000 00721nam a22002297a 4500
003 UA-OsUOA
001 88604
007 ta
008 20121009b un ||||| |||| 00| 0 ukr d
100 _aБоринець С.
700 _aМогилко Л.
090 _a330(477)
_bБ82
942 _cSA
040 _aUA-OsUOA
_bukr
_cUA-OsUOA
_dUA-OsUOA
245 _aМоделі організаційного забезпечення управління державним боргом: світовий досвід та перспективи для України
300 _aС.43-51
955 _a0
041 _aukr
080 _a330(477)
773 0 _w88599
650 7 _a330 Економіка взагалі
_2UDC
999 _c374676
_d374676